Logo BPK

Biblioteka

Politechniki Koszalińskiej

Bilder aus der Vergangenheit : (Rekord nr 50592)

Szczegóły MARC
000 -ETYKIETA REKORDU
podpole kontrolne o stałej długości 00560nam a2200157 i 4500
001 - NUMER KONTROLNY REKORDU
pole kontrolne bgj
040 ## - ŹRÓDŁO KATALOGOWANIA
Instytucja, która utworzyła rekord BPK
041 0# - KOD JĘZYKA
Kod języka tekstu ger
008 - POLE O STAŁEJ DŁUGOŚCI - DANE KONTROLNE
podpole kontrolne o stałej długości s gw f |000 0 ger
100 1# - NAZWA OSOBOWA
Nazwa osobowa BURCKHARDT, Carl J.
245 10 - TYTUŁ/ODPOWIEDZIALNOŚĆ
Tytuł Bilder aus der Vergangenheit :
Ciąg dalszy tytułu Maria Theresia, Willibald Pirckheimer, Die Belagerung von La Rochelle, Die politischen Hintergründe der Belagerung von La Rochelle /
Pozostałe elementy strefy tytułu i oznaczenia odpowiedzialności Carl J. Burckhardt.
260 ## - STREFA ADRESU WYDAWNICZEGO
Miejsce wydania Frankfurt am Main :
Nazwa wydawcy/dystrybutora Fischer Bücherei,
Data publikacji, dystrybucji/powstania dokumentu 1956.
300 ## - STREFA OPISU FIZYCZNEGO
Objętość 169 S. ;
Rozmiary 18 cm.
650 #9 - HASŁO PRZEDMIOTOWE W FORMIE NAZWY OGÓLNEJ LUB JEDNOSTKOWEJ
Nazwa ogólna lub geograficzna Deutsche Literatur
Określnik ogólny Essay
856 ## - LOKALIZACJA I DOSTĘP DO ELEKTRONICZNYCH DOKUMENTÓW ZDALNYCH
Link (URL) http://koha.tu.koszalin.pl/cgi-bin/koha/opac-detail.pl?biblionumber=50592
Tekst linku Katalog online BPK
942 ## - DODATKOWE ELEMENTY (KOHA)
Typ dokumentu Książka
Egzemplarze
Wycofany Status egzemplarza Uszkodzony Dostępność Lokalizacja stała Lokalizacja bieżąca Miejsce przechowywania Sygnatura Kod kreskowy Typ dokumentu
      Dostępny Biblioteka Politechniki Koszalińskiej Biblioteka Politechniki Koszalińskiej Wypożyczalnia Językowa N 587 09046177 Książka
© 2023 Biblioteka Politechniki Koszalińskiej :: KOHA